|
|
|
|
| LEADER |
00000nab a2200000 ar4500 |
| 001 |
vtls008997300 |
| 003 |
SK-MaSNL |
| 005 |
20260303065803.0 |
| 008 |
070608c2007 xo er|p|||||||000 b|slo |
| 015 |
|
|
|a SNBRB2007/06
|2 snkbucl
|
| 040 |
|
|
|a SNKBUCL
|b slo
|c SNKBUCL
|e AACR2
|
| 041 |
0 |
|
|a slo
|
| 044 |
|
|
|a xo
|c SK
|
| 080 |
|
|
|a 728.27
|x (437.6)
|2 2001
|
| 080 |
|
|
|a 640.42
|x (437.6)
|2 2001
|
| 100 |
1 |
|
|a Ryník, Jozef,
|d 1976-
|4 aut
|9 1032809
|
| 245 |
1 |
0 |
|a Kopec zbytočných papierovačiek pri ubytovaní
|c Jozef Ryník, Dušan Žeriava
|
| 300 |
|
|
|b Fotogr.
|
| 650 |
0 |
7 |
|a penzióny
|2 snkbucl
|9 30188
|
| 651 |
|
7 |
|a Raj (RajeckéTeplice, Slovensko : penzión)
|2 snkbucl
|9 1066315
|
| 651 |
|
7 |
|a Rajecká kotlina (Slovensko)
|2 snkbucl
|9 56223
|
| 700 |
1 |
|
|a Žeriava, Dušan
|4 aut
|9 1066316
|
| 773 |
0 |
|
|t Profit
|g Č. 3 (2007), s. 26-27
|x 1335-4620
|
| 852 |
|
|
|a SNK
|b KIS3GCP
|
| 958 |
|
|
|a SK
|
| 999 |
|
|
|c 1752696
|d 1754626
|